00786nam a2200217 a 450000100060000000300080000600500170001400800410003103500190007204000270009104100080011808200200012610000380014624500700018426000520025430000360030649001080034250500300045060000520048070000360053218757BD-RjUL20211209000329.0140222r19581946enk 000 1 eng d a(BD-RjUL)18815 aDLCbengcDLCdBD-RjUL aeng04a822.4bSHF 19581 aShakespeare, William,d1564-1616.14aThe first part of the history of Henry IV /cWilliam Shakespeare. aCambridge :bCambridge University Press,c1958. axlvii, 210 p. :bill. ;c18 cm.1 aThe works of Shakespeare edited for the syndics of the Cambridge University Press by John Dover Wilson. apart. 1.-- pt.2-- pt. 3-- aHenry -- IVcKing of Englandd1367-1413xDrama.1 aWilson, John Dover,d1881-1969.